| 000 | 00730nam a2200241 a 4500 | ||
|---|---|---|---|
| 001 | 13103 | ||
| 003 | BD-JhCC | ||
| 005 | 20230711081129.0 | ||
| 008 | 230710b2020 bg |||| ||a| 001 0 ben d | ||
| 020 | _a9789840760039 | ||
| 035 | _a(BD-JhCC)13103 | ||
| 040 |
_aBD-JhCC _dBD-JhCC |
||
| 041 | _aBengali | ||
| 082 |
_a342.95492 _bFIR 2020 |
||
| 100 | _aফিরােজ, জালাল | ||
| 245 |
_aবঙ্গবন্ধু গণপরিষদ সংবিধান / _cজালাল ফিরােজ। |
||
| 260 |
_aঢাকা : _bবাংলা একাডেমী ; _c2020. |
||
| 300 |
_a240 p. : _c20 cm. |
||
| 650 | _aConstitution of Bangladesh | ||
| 650 | _aLaw | ||
| 942 |
_2ddc _cBK |
||
| 999 |
_c13103 _d13103 |
||